| 000 | 01070nam a2200229Ia 4500 | ||
|---|---|---|---|
| 999 |
_c52456 _d52456 |
||
| 001 | 19479 | ||
| 003 | GE_BSU | ||
| 005 | 20200220173836.0 | ||
| 008 | 181216s1976||||ge |||||||||||||| ||geo|| | ||
| 040 | _cGE_BSU | ||
| 041 | _ageo | ||
| 080 | _a811.353.1-26 ს-13 | ||
| 100 |
_aსაბაშვილი, ნადია _97308 |
||
| 245 |
_aმწერლის ენა : _b[კ. გამსახურდიას, ლ. გოთუას, გ. ლეონიძის და გრ. აბაშიძის შემოქმედების მაგალითზე] / _cნადია საბაშვილი ; რედ. ლ. ბეჟანიძე. |
||
| 264 |
_aბათუმი : _bსაბჭოთა აჭარა, _c1976. |
||
| 300 |
_a94 გვ. ; _c21სმ |
||
| 541 | _h1ლ.20თ. | ||
| 653 | _aქართველ მწერალთა ენა | ||
| 653 | _aქართული ლიტერატურა | ||
| 700 |
_aბეჟანიძე, ლ. _eრედაქტორი _93837 |
||
| 942 |
_cBK _2udc |
||